000 00533nam a2200181Ia 4500
003 OSt
005 20201223124752.0
008 190216s9999||||xx |||||||||||||| ||und||
020 _a9788182713307
040 _coclc
082 _a297.122594812
_bMOU/T
100 _aMoudoodi, Abul Ala
_91860
245 0 _aThafheemul Qur`An /
_cAbul Ala Moudoodi
260 _bIslamic Publishing House,
_aKozhikode:
_c2007.
300 _a589p
650 _aArabic
942 _cBK
_2ddc
_h297.122594812
_iMOU/T
_k297.122594812
_mMOU/T
999 _c787
_d787